| 000 | 00786nam a22002537a 4500 | ||
|---|---|---|---|
| 005 | 20220329141119.0 | ||
| 008 | 971010s1985 r 00010 d | ||
| 010 | _a62804 | ||
| 011 | _a63776 | ||
| 035 | _a68117 | ||
| 082 |
_a636.0896 _bB5 1982 |
||
| 100 | 0 | 0 |
_aBlood, Douglas Charles. _913206 |
| 245 | _aMedicina veterinaria | ||
| 260 |
_aMéxico, D.F. : _bInteramericana, _c1985 |
||
| 300 | _a1191 | ||
| 500 | _aTrad. de: Veterinary medicine, 6 ed. en inglés de 1982 | ||
| 590 |
_aBATCH-UPD _b10 _c20130110 _lUCH01 _h1130 |
||
| 590 |
_aCONVERSION _b10 _c20130109 _lUCH01 _h1334 |
||
| 650 | 1 | 4 |
_aVeterinaria. _9118987 |
| 700 | 0 |
_aHenderson, J. A. _953540 |
|
| 700 | 0 |
_aRadostits, O. M. _993713 |
|
| 901 | _aBK | ||
| 949 |
_a636.0896 B5 1982 _bCRUAN _cLIBRO _d-223 _eLIBRO _h20 _i68117 _si |
||
| 999 |
_c62804 _d62804 |
||